| Tag |
First Indicator |
Second Indicator |
Subfields |
| LEADER |
00000cam a2200000 i 4500 |
| 001 |
in00000357828 |
| 005 |
20151011063657.0 |
| 008 |
750429s1974 gw 00110 ger |
| 010 |
|
|
|a 75556597
|
| 035 |
|
|
|a (OCoLC)01302735
|
| 035 |
|
|
|9 ABN2879AM
|
| 040 |
|
|
|a DLC
|c CIN
|d TXA
|d UtOrBLW
|
| 049 |
|
|
|a TXAM
|c [1377501]
|
| 050 |
0 |
0 |
|a PT7675.G3
|b S3
|
| 100 |
1 |
|
|a Schmitz, Victor August,
|d 1900-
|
| 245 |
1 |
0 |
|a Danische Dichter in ihrer Begegnung mit deutscher Klassik und Romantik /
|c Victor A. Schmitz.
|
| 264 |
|
1 |
|a Frankfurt am Main :
|b Klostermann,
|c [1974]
|
| 264 |
|
4 |
|c ©1974
|
| 300 |
|
|
|a 259 pages ;
|c 25 cm.
|
| 336 |
|
|
|a text
|b txt
|2 rdacontent
|
| 337 |
|
|
|a unmediated
|b n
|2 rdamedia
|
| 338 |
|
|
|a volume
|b nc
|2 rdacarrier
|
| 490 |
1 |
|
|a Studien zur Philosophie und Literatur des neunzehnten Jahrhunderts,
|v Bd. 23
|
| 500 |
|
|
|a Includes index.
|
| 504 |
|
|
|a Bibliography: pages 253-254.
|
| 650 |
|
0 |
|a Comparative literature
|x Danish and German.
|
| 650 |
|
0 |
|a Comparative literature
|x German and Danish.
|
| 830 |
|
0 |
|a Studien zur Philosophie und Literatur des neunzehnten Jahrhunderts ;
|v Bd. 23.
|
| 999 |
|
|
|a MARS
|
| 999 |
f |
f |
|s e8fd422a-d927-3ef3-aec2-313d8a81e6f6
|i 26138570-a637-377d-826d-850eefd08fa2
|t 0
|
| 952 |
f |
f |
|p ric
|a Texas A&M University
|b Rellis Campus
|c Joint Library Facility
|d Remote Storage
|t 0
|e PT7675.G3 S3
|h Library of Congress classification
|i unmediated -- volume
|m A14804182437
|
| 998 |
f |
f |
|a PT7675.G3 S3
|t 0
|l Remote Storage
|